El juguete rabioso /

Guardado en:
Autor Principal: Arlt, Roberto
Formato: Libro
Publicado: Buenos Aires : Gz editores , 2005
Materias:
Etiquetas: Agregar Etiqueta
Sin Etiquetas, Sea el primero en etiquetar este registro!
LEADER 00668nam a22002175a 4500
001 CEM.cems012155
008 130507s2005##################000#0#####d
005 20260616162254.0
245 1 0 |a El juguete rabioso /  |c Roberto Arlt 
260 |a Buenos Aires :  |b  Gz editores ,  |c 2005 
300 |a 154 p. 
020 |a 950564079X 
100 1 |a Arlt, Roberto 
082 0 4 |a A863.4 
653 |a Literatura 
653 |a Literatura argentina 
653 |a Novelas 
653 |a Novelas argentinas 
653 |a Novelas argentinas-siglo 20 
859 |a CEMS  |b BIB. CEMS - 11 de abril  |h A863.4  |i Ar75-6  |p 23377.06  |t Ej.1 
859 |a CEMS  |b BIB. CEMS - 11 de abril  |h A863.4LS3  |i Ar75-6  |p 23378.06  |t Ej.2